Ciencia latina : (Record no. 211560)

MARC details
000 -CABECERA
campo de control de longitud fija 00754nas a2200229 a 4500
005 - FECHA Y HORA DE LA ÚLTIMA TRANSACCIÓN
campo de control 20240816110822.0
006 - ELEMENTOS DE LONGITUD FIJA – CARACTERÍSTICAS DE MATERIALES ADICIONALES – INFORMACIÓN GENERAL
campo de control de longitud fija s|||||o|||| 00| 0
008 - ELEMENTOS DE LONGITUD FIJA--INFORMACIÓN GENERAL
campo de control de longitud fija 240816c2017 py|br|p|o|||| 00| 0 spa d
022 ## - NÚMERO INTERNACIONAL NORMALIZADO PARA PUBLICACIONES SERIADAS
Número Internacional Normalizado para Publicaciones Seriadas 2707-2215
040 ## - FUENTE DE LA CATALOGACIÓN
Centro catalogador/agencia de origen MX-MxUPN
Lengua de catalogación spa
Centro/agencia transcriptor MX-MxUPN
Normas de descripción aacr2
245 1# - MENCIÓN DE TÍTULO
Título Ciencia latina :
Resto del título revista científica multidisciplinar
Medio [recurso electrónico en línea]
260 ## - PUBLICACIÓN, DISTRIBUCIÓN, ETC.
Lugar de publicación, distribución, etc. Paraguay :
Nombre del editor, distribuidor, etc. Asociación Latinoamérica para el avance de las ciencias,
Fecha de publicación, distribución, etc. 2017-
310 ## - FRECUENCIA ACTUAL DE LA PUBLICACION
Periodicidad actual Bimestral
506 0# - NOTA DE RESTRICCIONES AL ACCESO
Limitaciones de acceso Acceso abierto
510 1# - NOTA DE CITAS O REFERENCIAS BIBLIOGRÁFICAS
Nombre de la fuente Latindex
510 1# - NOTA DE CITAS O REFERENCIAS BIBLIOGRÁFICAS
Nombre de la fuente Miar
510 1# - NOTA DE CITAS O REFERENCIAS BIBLIOGRÁFICAS
Nombre de la fuente Rebiun
650 #4 - ASIENTO SECUNDARIO DE MATERIA - TERMINO TEMATICO
9 (RLIN) 15081
Término de materia o nombre geográfico como elemento de entrada Divulgación científica
856 4# - LOCALIZACIÓN Y ACCESO ELECTRÓNICOS
Identificador Uniforme del Recurso <a href="https://ciencialatina.org/index.php/cienciala/issue/view/29">https://ciencialatina.org/index.php/cienciala/issue/view/29</a>
902 ## - ELEMENTOS DE DATOS B LOCAL, LDB (RLIN)
Creó Gloria Jiménez/160824
942 ## - ELEMENTOS DE PUNTO DE ACCESO ADICIONAL (KOHA)
Tipo de ítem Koha Revista Electrónica
Holdings
Estado de retiro Estado de pérdida Estado dañado No para préstamo Código de colección Localización permanente Ubicación/localización actual Ubicación en estantería Fecha de adquisición Total de préstamos Fecha visto por última vez Identificador Uniforme del Recurso Precio válido a partir de Tipo de ítem Koha
        Acceso abierto Bib. Gregorio Torres Quintero Bib. Gregorio Torres Quintero En línea 16/08/2024   16/08/2024 https://ciencialatina.org/index.php/cienciala/issue/view/29 16/08/2024 Artículo Electrónico